Cricket: Highest Test Average by Batting Position - Statistics

General Stats
  • This quiz has been taken 32 times
    10 since last reset
  • The average score is 7 of 11
Answer Stats
Country Years Position Runs Average Answer % Correct
AUS 1928-1948 3 5078 103.63 Sir Donald Bradman
90%
AUS 1999-2008 7 3948 46.45 Adam Gilchrist
80%
WI 1994-2015 6 2528 64.82 Shivnarine Chanderpaul
80%
AUS 2011-2023* Opener 2223 63.51 Usman Khawaja
80%
SA 2004-2018 5 3913 62.11 AB de Villiers
70%
NZ 2011-2023* 11 644 16.10 Trent Boult
70%
NZ 1997-2014 8 2227 39.77 Daniel Vettori
60%
NZ 2012-2023* 10 561 18.10 Neil Wagner
60%
SL 1994-2009 9 847 28.23 Chaminda Vaas
50%
WI 1948-1958 4 3372 63.62 Sir Everton Weekes
50%
ENG 1924-1935 Opener 4522 61.11 Herbert Sutcliffe
40%
No matching quizzes found
Score Distribution
Percent of People with Each Score
Percentile by Number Answered
Your Score History
You have not taken this quiz since the last reset